Ligne C6 du bus de Rennes - Statistiques

Statistiques générales
  • Ce quiz a été pris 35 fois
  • Le résultat moyen est 16 sur 44
Statistiques - réponses
Correspondances Arrêt % Correct
Métro a, C1, C2, C3,C4, C5, 11 République
96%
Aéroport (Saint-Jaques-de-la-Lande)
79%
Métro b, C5 Colombier
68%
67 Rigourdière (Cesson-Sévigné)
64%
C4 Paul Bert
64%
C4, 67 Robidou
64%
C4 Pont de Châteaudun
61%
C4, 67 Musée des Beaux-Arts
57%
C4 Pont de Strasbourg
57%
C4, 67 Tournebride
57%
C4 Les Préales
54%
C4 François Château
46%
C4 Plaine de Baud
46%
Métro b, C7 Saint-Jacques - Gaîté
46%
C5 Cité Judiciaire
43%
C5 La Criée
43%
14, 67 Champs Péans
39%
14 Sports et Nature
39%
14, 67 Taillis
39%
67 Bordage
32%
Vilaine
32%
34 Bourgchevreuil
29%
Cesson Collège
29%
34 Chalotais
29%
34 Mare Pavée
29%
14 Hublais
25%
Muguet
25%
Aire Libre
21%
Cœur de Courrouze
21%
Jules Verne
21%
34 La Coulée
21%
Morinais
21%
Redon
21%
Abbé Grimault
18%
Collège Jean Moulin
18%
34 Fontenelle
18%
Jules Maniez
18%
Maison d'Accueil
18%
Médiathèque
14%
Jean Jaurès
11%
Jean Marin
11%
Maltière
11%
Saint-Conwoïon
11%
Germaine Tillion
7%
Aucun quiz correspondant
Distribution des résultats
% des personnes avec chaque résultat
Percentile par nombre de réponses
Votre historique - résultats
Vous n’avez pas pris ce quiz